| 000 | 01432nam a2200229Ia 4500 | ||
|---|---|---|---|
| 003 | Ost | ||
| 005 | 20260507075627.0 | ||
| 008 | 260507s9999||||xx |||||||||||||| ||und|| | ||
| 020 | _a9789947780831 | ||
| 040 | _cfsecg | ||
| 041 | _aara | ||
| 082 | _a338.9 | ||
| 100 |
_aقوراري، آسية _eمؤلف |
||
| 245 | 0 |
_aأثر التحرير المالي على التنمية الإقتصادية : _bالجزائر نموذجا / _c آسية قوراري |
|
| 260 |
_aالجزائر: _bالنشر الجامعي الجديد, _c2020 |
||
| 300 |
_a239 صفحة؛ _bجداول، مخططات بيانية _c24 سم |
||
| 504 | _aمراجع ملاحق | ||
| 520 | _aالتحرير المالي في ظل التطورات الاقتصادية والمالية العالمية مع تنامي ظاهرة العولمة بمختلف أبعادها وتجلياتها، وكذلك التنمية الاقتصادية في الدول النامية ومشكلة تمويلها، بالاضافة الى أثر التحرير المالي عليها في الجزائر، وسياسة الكبح المالي مع تدهور الأوضاع الاقتصادية، والاصلاحات المصرفية وبداية التحرير المالي في الجزائر وأدبيات التكامل المتزامن. | ||
| 653 | _aالاقتصاد- الجزائر | ||
| 653 | _aالتنمية الاقتصادية | ||
| 942 | _cكتاب | ||
| 999 |
_c45177 _d45177 |
||